| 000 | 00450nam a22001817a 4500 | ||
|---|---|---|---|
| 003 | CEME | ||
| 005 | 20210628205945.0 | ||
| 008 | 210209b xxu||||| |||| 00| 0 eng d | ||
| 020 | _a0-12-744015-1 | ||
| 040 | _c. | ||
| 082 | _a004.68 WEN | ||
| 100 |
_aWenig, Raymond.P _977648 |
||
| 245 | _aWireless lans | ||
| 260 |
_aLONDON _bAP PROFESSIONAL _c1996 |
||
| 300 | _a271P | ||
| 650 |
_aLAN'S LOCAL AREA NETWORKS,WIRELESS _977649 |
||
| 942 |
_cBK _2ddc |
||
| 999 |
_c582881 _d582881 |
||